|
|
|
|
| LEADER |
00000nam0a2200000 4500 |
| 001 |
196923 |
| 005 |
20231101224725.0 |
| 035 |
|
|
|a (RuTPU)RU\TPU\book\214809
|
| 090 |
|
|
|a 196923
|
| 100 |
|
|
|a 20110601d1961 km y0rusy50 ca
|
| 101 |
0 |
|
|a rus
|
| 102 |
|
|
|a RU
|
| 105 |
|
|
|a a z 001zy
|
| 200 |
1 |
|
|a Атлас газодинамических функций при больших скоростях и высоких температурах воздушного потока
|f Ю. А. Кибардин [и др.]
|g под ред. А. С. Предводителева
|
| 210 |
|
|
|a Москва
|a Ленинград
|c Госэнергоиздат
|d 1961
|
| 215 |
|
|
|a 328 с.
|c ил.
|
| 320 |
|
|
|a Библиогр.: с. 328.
|
| 606 |
|
|
|a Воздух
|x Газовая динамика
|2 stltpush
|3 (RuTPU)RU\TPU\subj\3306
|9 31746
|
| 610 |
1 |
|
|a воздушные потоки
|
| 610 |
1 |
|
|a газодинамические функции
|
| 610 |
1 |
|
|a скорости
|
| 610 |
1 |
|
|a температура
|
| 610 |
1 |
|
|a диаграммы состояний
|
| 610 |
1 |
|
|a атласы
|
| 675 |
|
|
|a 533.6.01
|v 3
|
| 701 |
|
1 |
|a Кибардин
|b Ю. А.
|
| 701 |
|
1 |
|a Кузнецов
|b С. И.
|
| 701 |
|
1 |
|a Любимов
|b А. н.
|
| 701 |
|
1 |
|a Шумяцкий
|b Б. Я.
|
| 702 |
|
1 |
|a Предводителев
|b А. С.
|g Александр Саввич
|4 340
|
| 801 |
|
1 |
|a RU
|b 63413507
|c 20110601
|
| 801 |
|
2 |
|a RU
|b 63413507
|c 20180215
|g RCR
|
| 942 |
|
|
|c BK
|